Normal view
MARC view
- SAMEE AHMED
Entry Personal Name
001 - CONTROL NUMBER
- control field: 72773
003 - CONTROL NUMBER IDENTIFIER
- control field: NUST
005 - DATE AND TIME OF LATEST TRANSACTION
- control field: 20210628204909.0
008 - FIXED-LENGTH DATA ELEMENTS
- fixed length control field: 210628|| aca||aabn | a|a d
040 ## - CATALOGING SOURCE
- Original cataloging agency: NUST
- Transcribing agency: NUST
100 ## - HEADING--PERSONAL NAME
- Personal name: SAMEE AHMED
670 ## - SOURCE DATA FOUND
- Source citation: Work cat.: (NUST): SAMEE AHMED, , TH-SOF-0731-POWERED WRIST ACTUATOR, 2001
